Kenraali tietovisa - Statistics

General Stats
  • This quiz has been taken 8 times
  • The average score is 11 of 20
Answer Stats
Hint Answer % Correct
In what country is the Cape of Good Hope located? South Africa
100%
How many cities in Luxembourg start with the letter Q? 0
75%
What is the closest galaxy to the Milky Way? Andromeda
75%
What is the most played mobile game? Candy Crush
75%
Who was the prime minister of the UK during WW2? Churchill
75%
What city is the Kaaba located in? Mecca
75%
Which one of these species is the oldest: sharks, trees, dinosaurs sharks
75%
What country is the biggest heroin producer? Afghanistan
50%
What is the name of the infamous prison island located in Western USA? Alcatraz
50%
In what city is the busiest airport located? Atlanta
50%
What city in the USA is Kanye West from? Chicago
50%
What is Quentin Tarantino's profession? Director
50%
What country is Jackie Chan from? Hong Kong
50%
In what state is Atlantic City located? New Jersey
50%
How many countries are in Africa? 54
25%
What artist were the Money Heist masks inspired by? Dali
25%
What is the most populated island in the world? Java
25%
What city is the biggest slum in the world located in? Mumbai
25%
What region are most of Oceanias countries located in? Polynesia
25%
What natural phenomenom is a supercell? Thunderstorm
25%
No matching quizzes found
Score Distribution
Percent of People with Each Score
Percentile by Number Answered
Your Score History
You have not taken this quiz